| 000 | 00598nam a2200181 a 4500 | ||
|---|---|---|---|
| 001 | BRCA_1456 | ||
| 005 | 20190320203433.0 | ||
| 008 | 961210s1996 mx-a---##b---#000-0#spa-# | ||
| 020 | _a9687318392 | ||
| 050 | 4 |
_aNK844 _b.A78 1996 |
|
| 245 | 1 | 0 |
_aArte popular mexicano _bcinco siglos _ccoordinación del catálogo, Olga Sáenz González. |
| 260 |
_aMéxico _bAntiguo Colegio de San Ildefonso _c1996 |
||
| 300 |
_a237 p. _bil. a color _c30 cm. |
||
| 504 | _aBibliografía: p. 217-226 | ||
| 650 | 1 | 4 |
_aArte popular _vExposiciones _zMéxico _91706 |
| 700 | 1 |
_aSáenz González, Olga _94765 |
|
| 942 |
_2lcc _cB |
||
| 999 |
_c1318 _d1318 |
||